| 000 | 00544nam a22002057a 4500 | ||
|---|---|---|---|
| 999 |
_c1677 _d1677 |
||
| 003 | SLTCLib | ||
| 008 | 251125b ce ||||| |||| 00| 0 eng d | ||
| 020 | _a9780750684040 | ||
| 041 | _aEnglish | ||
| 082 |
_a658.802 _bBEA |
||
| 100 |
_aBeamish, Karen _93098 |
||
| 245 | _aMarketing Planning 2007-2008 | ||
| 260 |
_aAmsterdam _bElsevier _c2007 |
||
| 300 | _a402p. | ||
| 650 | 0 |
_9713 _aMarketing |
|
| 650 | 0 |
_93096 _aPlanning |
|
| 700 |
_93097 _aAshford, Ruth |
||
| 942 |
_2ddc _cMLN |
||
| 945 |
_a3725 _bIshara wickramage _c3726 _dChamara KANKANAMGE |
||